000 nam a22 a 4500
999 _c10555
_d10555
003 BLK
005 20210120155737.0
008 180412b bul|||||r ||||||| ||bul||
010 _aKNG00012054000
020 _a954-657-011-7
040 _aBLK
041 _aBUL
_cBUL
080 _aФренска литература
_b821.133.1
_x-93-34
_z821.133.1-93-34
100 _aРагаш, Жил
_eпърви автор
_9251961
139 _aРагаш, Жил
_bР 11
245 1 0 _aВикингите
_bМитове и легенди за деца
_cЖил Рагаш; ил. Марсел Лаверде; прев. от фр. Георги Цанков.
257 _aFRA
260 _aСофия
_bПан
_c1994
300 _a48 с.
_bс цв. ил.
_c29 см
380 _aDX
490 _aЕнциклопедия Митове и легенди
_9202884
500 _aОриг. загл. Les vikings / Gilles Ragache.
700 1 _aЛаверде, Марсел
_eил.
_986941
700 _aЦанков, Георги Цанков
_eпрев. от фр.
_gЦанев, Георги Цанков
_9298296
852 _aЦб ІІ 8925
856 4 _qpdf
_u
856 4 _qpdf
_u
942 _cKNG
_n0
_03
_s1
944 _aCR
_c15.01.2003
_kAB_DOS
944 _aED
_c15.03.2011
944 _aED
_c2021-01-20
_kВК
999 _d10555